Loading...
| History - American | 0 | 3 | 1 | 1 | 25 | 35 | 60.00 | 1 | 2 | 13.15 | 23.99 |
| Science - Biology | 0 | 2 | 0 | 1 | 20 | 58 | 82.00 | 0 | 1 | 4.58 | 5.72 |
| History - World | 0 | 2 | 0 | 0 | 20 | 25 | 56.00 | 0 | 2 | 8.93 | 14.09 |
| Current Events | 0 | 1 | 0 | 1 | 10 | 112 | 112.00 | 0 | 0 | 0.00 | 1.67 |
| History - European | 0 | 1 | 0 | 0 | 10 | 32 | 32.00 | 1 | 1 | 6.37 | 9.09 |
| Literature - World | 0 | 1 | 0 | 1 | 10 | 115 | 115.00 | 0 | 0 | 0.00 | 1.65 |
| Science - Chemistry | 0 | 1 | 0 | 0 | 10 | 55 | 55.00 | 0 | 1 | 4.37 | 7.07 |
| Fine Arts - Other | 0 | 0 | 0 | 0 | 0 | 0.00 | 0 | 0 | 0.00 | 0.00 | |
| Science - Other | 0 | 0 | 1 | 0 | -5 | 0.00 | 0 | 0 | 0.00 | 0.00 |